000 00631nam a22002417a 4500
003 UA-OsUOA
001 23883
007 ta
008 20040130b un ||||| |||| 00| 0 ukr d
100 _aПриходько Григорій
090 _a32(477)
_bП75
942 _cBK
040 _aUA-OsUOA
_bukr
_cUA-OsUOA
_dUA-OsUOA
245 _aПолітичні візії 2003
300 _a48 с.
955 _a0
041 _aukr
080 _a32(477)
260 _aЛьвів
_bКонгрес українських націоналістів Львівщини
_c2003
044 _aUA
650 7 _2UDC
999 _c310143
_d310143